| 000 | 00455nam a2200145 i 4500 | ||
|---|---|---|---|
| 001 | 37040 | ||
| 003 | ES-MaACL | ||
| 007 | t| | ||
| 008 | 030220s1910 fr ||||1| fre d | ||
| 100 | 1 |
_aBrunhes, Jean. _932179 |
|
| 245 | 1 | 3 |
_aLa geographie humaine _b: essai de classification positive : principes et exemples / _cpar Jean Brunhes. |
| 260 |
_aParis : _b[s.n., _c1910] ( _eEvreux : _fP. Herissey) |
||
| 300 |
_a843 p. ; _c24 cm. |
||
| 852 |
_aES-MaACL _jB-874 |
||
| 999 |
_c37040 _d37040 |
||